000 00329 a2200145 4500
001 192068
020 _a978-85-912524-0-4
040 _cMagnum
100 _aOliveira, Francirene Gripp de
240 1 0 _aTrililili paralelá
_lpor
245 1 0 _aTrililili paralelá
300 _a44
697 _aLITERATURA INFANTO
942 _cBK
999 _c192068
_d192068